Eperjes Kerényi-utca : Schroepfer-villa : Pesskó villa : Hoffmann villa : Gasch villa

Zobrazenie: Pohľad na Kerényiho ulicu so Schroepfer vilou, Pesskó vilou, Hoffmann vilou a Gasch vilou vpravo v rade vedľa seba. Pred budovami vedie chodník, na ktorom sedia alebo postávajú nekoľkí ľudia. Vľavo v pozadí je na plote zavesené dieťa. Uprostred záberu je na okraji chodníka vysoký dreven...

Full description

Bibliographic Details
Format: Postcard
Language:Hungarian
PhysicalDescription:1 pohľadnica tónovaná do zelena 9 x 14 cm
Published: Eperjes Divald Károly fia [1911?]
Subjects:

MARC

LEADER 00000ckm a2200000 a 4500
001 vtls011587304
003 SK-MaSNL
005 20260512130345.0
007 kp ao
008 230706q1911 xo g kuhun
015 |a SNBG1911 
035 |a urn:nbn:sk:snk-km00dz4d 
035 |a urn:nbn:sk:snk-km3lqr4 
035 |a F2E2ADFE-F020-4590-B8D5-CEDA8D78B947 
040 |a SNK  |b slo  |c SNK  |e AACR2 
041 0 |a hun 
043 |a e-xo--- 
044 |a xo  |c SK 
072 7 |a 913  |x Regionálna geografia  |2 konspekt 
080 |a 728.37  |2 2001 
080 |a 728.84  |2 2011 
080 |a 913(437.671)  |2 2011 
080 |a 94(084.121)  |2 2011 
245 0 0 |a Eperjes  |h grafika  |b Kerényi-utca : Schroepfer-villa : Pesskó villa : Hoffmann villa : Gasch villa 
260 |a Eperjes  |b Divald Károly fia  |c [1911?] 
300 |a 1 pohľadnica  |b tónovaná do zelena  |c 9 x 14 cm 
500 |a Názvové údaje prevzaté z obrazovej časti pohľadnice 
520 8 |a Zobrazenie: Pohľad na Kerényiho ulicu so Schroepfer vilou, Pesskó vilou, Hoffmann vilou a Gasch vilou vpravo v rade vedľa seba. Pred budovami vedie chodník, na ktorom sedia alebo postávajú nekoľkí ľudia. Vľavo v pozadí je na plote zavesené dieťa. Uprostred záberu je na okraji chodníka vysoký drevený stĺp. Vpravo je vidno časť listnatého stromu 
650 0 7 |a vily  |2 SNKPH 
651 7 |a Prešov (Slovensko)  |2 SNKPHgeo  |9 17347 
655 7 |a miestne pohľadnice  |2 SNKPH  |9 70510 
655 7 |a historické pohľadnice  |2 SNKPH  |9 159703 
752 |a Slovensko  |d Prešov 
852 |a Slovenská národná knižnica 
958 |a GBN 
958 |a ONDV 
958 |a GC 
999 |c 1192563  |d 1194493 
952 |a SNK  |b SNK  |y PREZ  |7 0  |p 17A1210016  |o snksp 20109  |z Pohľadnica prešla poštou.  |0 0  |1 0  |4 0  |d 2016-10-19  |f 1  |l 0  |r 2026-02-24 22:16:24  |w 2026-02-24